000 01237cam a22003733a 4500
001 13123706
003 OSt
005 20140310181644.0
008 000201s1999 nyu j 000 1 eng d
010 _a 2003570534
020 _a0307234584 (pbk.) :
035 _a(OCoLC)ocm43376751
040 _aBKL
_cBKL
_dDLC
042 _alccopycat
050 0 0 _aPZ 7
_b.St849 1999
082 _aKF#
_bGEN #9
100 1 _aStewart, Melanie.
_95423
245 1 0 _aHitting the slopes /
_cby Melanie Stewart.
260 _aNew York :
_bGolden Books Pub. Co.,
_cc1999.
300 _a113 p. :
_bmap ;
_c19 cm.
490 1 _aGeneration girl ;
_v#9
541 _j1
562 _eFor circulation. 1 copy available in the collection
651 _a Interpersonal relations
_xFiction.
_95759
651 _aHigh schools
_xFiction.
_95760
651 _aSchools
_xFiction.
_95761
655 7 _aYoung adult fiction.
_2lcsh
_93735
655 7 _aSports stories.
_2lcsh
_95762
710 2 _aCopyright Paperback Collection (Library of Congress)
_5DLC
_9705
800 1 _aStewart, Melanie.
_tGeneration girl ;
_v#9.
_95763
906 _a7
_bcbc
_ccopycat
_d2
_encip
_f20
_gy-genrareb
942 _2lcc
_cBK-KF
_kKF
999 _c865
_d865